[Event "IND-chT 38th"]
[Site "Bhubaneswar"]
[Date "2018.02.12"]
[Round "7.3"]
[White "Himanshu, Sharma"]
[Black "Bose, Sayan"]
[Result "1-0"]
[WhiteElo "2425"]
[BlackElo "1963"]
[PlyCount "73"]
[EventDate "2018.02.08"]
[EventType "team-swiss"]
[EventRounds "9"]
[EventCountry "IND"]
[SourceTitle "CBM 182 Extra"]
[Source "ChessBase"]
[SourceDate "2018.02.23"]
[SourceVersion "1"]
[SourceVersionDate "2018.02.23"]
[SourceQuality "1"]
[WhiteTeam "Railway Sports"]
[BlackTeam "Bengal Chess"]
[WhiteTeamCountry "IND"]
[BlackTeamCountry "IND"]

1. e4 c5 2. Nc3 Nc6 3. Nge2 e6 4. g3 Nge7 5. Bg2 a6 6. 0-0 g6 7. d4 cxd4 8. Nxd4 Bg7 9. Be3 0-0 10. a4 Na5 11. Qe2 Qc7 12. Rad1 d6 13. Rfe1 Bd7 14. Bf1 Rfd8 15. Bg5 f6 16. Bc1 e5 17. Nb3 Be6 18. Nd5 Nxd5 19. exd5 Nxb3 20. cxb3 Bf5 21. Be3 Qc2 22. Qc4 Qxb2 23. a5 Rac8 24. Qb4 Bc2 25. Qxb7 Bxd1 26. Rxd1 Rb8 27. Qxa6 Qxb3 28. Qe2 Rdc8 29. a6 Rc2 30. Rd2 Rxd2 31. Qxd2 Qa4 32. Qc1 Bf8 33. Qc6 Qxc6 34. dxc6 d5 35. a7 Ra8 36. Bb6 d4 37. Ba6 1-0

[Event "IND-ch U19 43rd"]
[Site "Lucknow"]
[Date "2013.07.11"]
[Round "2"]
[White "Viani, Antonio Dcunha"]
[Black "Bose, Sayan"]
[Result "1-0"]
[WhiteElo "2267"]
[BlackElo "2039"]
[PlyCount "121"]
[EventDate "2013.07.10"]
[EventType "swiss"]
[EventRounds "11"]
[EventCountry "IND"]
[SourceTitle "CBM 155 Extra"]
[Source "ChessBase"]
[SourceDate "2013.08.26"]
[SourceVersion "1"]
[SourceVersionDate "2013.08.26"]
[SourceQuality "1"]

1. e4 c5 2. Nf3 e6 3. c3 d5 4. exd5 Qxd5 5. d4 Nf6 6. Be3 cxd4 7. cxd4 Qd8 8. Nc3 Be7 9. Bd3 0-0 10. 0-0 b6 11. Qe2 Bb7 12. Rad1 Nd5 13. Rfe1 Nd7 14. Bb1 N7f6 15. Ne5 Rc8 16. Bd2 Nxc3 17. bxc3 Qd5 18. f3 b5 19. Qf2 Qd8 20. Qh4 g6 21. Qh3 Bd5 22. Bd3 a6 23. a4 Bb3 24. Ra1 b4 25. Bxa6 bxc3 26. Be3 Rc7 27. Bb5 Qd5 28. Qg3 Nh5 29. Qf2 Bb4 30. Nd3 Ba5 31. Nc5 c2 32. Rec1 Bc3 33. Nxb3 Qxb3 34. Qxc2 Qxc2 35. Rxc2 Nf6 36. Rac1 Nd5 37. Bf2 Rfc8 38. Kf1 f5 39. Ke2 Kf7 40. Bg3 f4 41. Bf2 Nb4 42. Bd7 Nxc2 43. Bxc8 Bb2 44. Rb1 Bxd4 45. Rb7 Rxb7 46. Bxb7 Bxf2 47. Kxf2 Nd4 48. a5 Ke7 49. a6 Nb5 50. Ke2 g5 51. Kd3 Kd6 52. Kc4 Na7 53. Be4 h5 54. Bb7 h4 55. h3 Kd7 56. Kc5 Kc7 57. Be4 Nc8 58. Bc6 Kb8 59. Bd7 Ne7 60. Bxe6 Ka7 61. Kd6 1-0

[Event "Bhubaneswar op 1st"]
[Site "Bhubaneswar"]
[Date "2009.06.07"]
[Round "1"]
[White "Bose, Sayan"]
[Black "Timoshenko, Georgy"]
[Result "0-1"]
[WhiteElo "1954"]
[BlackElo "2550"]
[PlyCount "94"]
[EventDate "2009.06.07"]
[EventType "swiss"]
[EventRounds "10"]
[EventCountry "IND"]
[SourceTitle "CBM 130 Extra"]
[Source "ChessBase"]
[SourceDate "2009.07.02"]
[SourceVersion "2"]
[SourceVersionDate "2009.07.15"]
[SourceQuality "1"]

1. e4 c5 2. Nf3 d6 3. d4 cxd4 4. Nxd4 Nf6 5. f3 a6 6. c4 e5 7. Nc2 Be7 8. Be2 0-0 9. 0-0 b5 10. Kh1 bxc4 11. Ne3 Be6 12. Bxc4 Nbd7 13. Nc3 a5 14. Ncd5 Nb6 15. b3 Nfxd5 16. Bxd5 Ra7 17. Ba3 a4 18. b4 Bg5 19. Qd3 Bxe3 20. Qxe3 Bxd5 21. exd5 Qb8 22. Qd3 Rc7 23. Rfc1 Rfc8 24. b5 Nc4 25. Rab1 Qb6 26. h3 g6 27. Rb4 Nxa3 28. Rxc7 Rxc7 29. Qxa3 Kg7 30. Rb1 Rc4 31. Qd3 Rd4 32. Qc2 Rxd5 33. Qxa4 Rd2 34. Qa6 Qxa6 35. bxa6 Rxa2 36. Rb6 d5 37. Rb5 d4 38. Rxe5 Rxa6 39. Kg1 f5 40. Rd5 Ra4 41. Rd7+ Kf6 42. Rxh7 Ke5 43. g3 f4 44. g4 d3 45. Kf2 Ra2+ 46. Kf1 Ra1+ 47. Kf2 d2 0-1